| 000 | 00584nam a2200241Ia 4500 | ||
|---|---|---|---|
| 003 | OSt | ||
| 005 | 20260206162900.0 | ||
| 008 | 210210b2013 xxu||||| |||| 00| 0 eng d | ||
| 020 | _a9788177544978 | ||
| 040 | _cAL | ||
| 041 | _aeng | ||
| 082 | _a581.63 KUME | ||
| 100 |
_aKumar U _9253881 |
||
| 245 | _aIntroduction to ethnobotany | ||
| 260 |
_aJodhpur _bNot Mentioned _c2013 |
||
| 300 | _axii,260p | ||
| 650 |
_ato _9253882 |
||
| 650 |
_aIntroduction _9253883 |
||
| 650 |
_aethnobotany _9253884 |
||
| 690 |
_aEconomic Botany _9253885 |
||
| 906 | _a068700 | ||
| 942 |
_2ddc _cBK |
||
| 999 |
_c152880 _d152880 |
||